000 00806nam a22002297a 4500
999 _c165791
_d165791
005 20190701123943.0
010 _aB-230477
020 _a8188413267
_c200.00
035 _aB-230477
037 _bM.R.Pub./Ven.
_adpl
082 _a847
100 _aمر تبہ:نا ر نگ سا قی
245 _aخو ش کلا ميا ں قلم کا ر و ں کی
_cمر تبہ:نا ر نگ سا قی
250 _aمر تبہ:نا ر نگ سا قی
260 _aNew Delhi
_bM.R.Publications
_c2007
270 _a2695,Kaley Khan Street,Kucha Chelan ,Darya Ganj,
300 _a323+30ص
_c22cm(Hbk)
490 _aJaico illustrated classics series
942 _2ddc
_cUR
_mج و ش
_h847